[Event "40th Olympiad Open"]
[Site "Istanbul TUR"]
[Date "2012.09.07"]
[Round "10.62"]
[Board "4"]
[White "Van Hoolandt, Patrick"]
[Black "Tjong Tjin Joe, Calvin"]
[Result "1-0"]
[WhiteTitle "FM"]
[WhiteElo "2171"]
[BlackElo "1981"]
[WhiteTeam "Monaco"]
[BlackTeam "Suriname"]
[WhiteFideId "200999"]
[BlackFideId "8200580"]
[EventDate "2012.08.28"]

1. d4 Nf6 2. c4 g6 3. Nc3 Bg7 4. e4 d6 5. Nf3 c5 6. d5 Bg4 7. Bd3 Nbd7 8. h3
Bxf3 9. gxf3 Qb6 10. Rb1 Ne5 11. Be2 O-O 12. Bg5 Qb4 13. a3 Qa5 14. h4 a6 15. f4
Ned7 16. Qd2 Rfb8 17. h5 b5 18. hxg6 fxg6 19. cxb5 axb5 20. f3 b4 21. axb4 Qxb4
22. O-O h6 23. Bh4 Ra2 24. Qd3 Rxb2 25. Rxb2 Qxb2 26. Rb1 Qa3 27. Rxb8+ Nxb8 28.
e5 Nfd7 29. Bxe7 dxe5 30. d6 Qc1+ 31. Kg2 exf4 32. Qd5+ Kh7 33. Bc4 Qc2+ 34. Ne2
h5 35. Bd3 Qb2 36. Qxh5+ Kg8 37. Bc4# 1-0

[Event "40th Olympiad Open"]
[Site "Istanbul TUR"]
[Date "2012.09.07"]
[Round "10.63"]
[Board "3"]
[White "Baek, Wongi"]
[Black "Li, Hui"]
[Result "1/2-1/2"]
[WhiteElo "1719"]
[BlackElo "1958"]
[WhiteTeam "South Korea"]
[BlackTeam "Macau"]
[WhiteFideId "13200186"]
[BlackFideId "15400310"]
[EventDate "2012.08.28"]

1. e4 c5 2. Nf3 a6 3. c4 e6 4. d4 cxd4 5. Nxd4 Nf6 6. Nc3 Bb4 7. Bd3 Nc6 8. Nxc6
dxc6 9. e5 Qa5 10. O-O Qxe5 11. Bd2 O-O 12. Re1 Qc7 13. Qc2 h6 14. Re3 Bd6 15.
Rh3 e5 16. Bf5 Bxf5 17. Qxf5 Qd7 18. Qxd7 Nxd7 19. Rd3 Nb6 20. Rxd6 Nxc4 21. Rd7
Rfd8 22. Rxd8+ Rxd8 23. Be1 Nxb2 24. Kf1 b5 25. Rb1 Nc4 26. Ke2 f5 27. Rd1 Rxd1
28. Kxd1 Kf7 29. Kc2 Ke6 30. Nd1 Nb6 31. Bb4 g5 32. Nc3 Nd7 33. Ne2 Nf6 34. f3
Nd5 35. Bd2 c5 36. a3 e4 37. fxe4 fxe4 38. Nc3 Nf6 39. h3 Ke5 40. Ne2 Nd5 41.
Bc3+ Nxc3 42. Kxc3 a5 43. Kb3 e3 44. Kc3 Ke4 45. Ng3+ Kf4 46. Ne2+ Ke4 47. Ng3+
Kf4 1/2-1/2

[Event "40th Olympiad Open"]
[Site "Istanbul TUR"]
[Date "2012.09.07"]
[Round "10.63"]
[Board "4"]
[White "Celis, Joel"]
[Black "Kim, Inguh"]
[Result "1-0"]
[WhiteElo "1810"]
[BlackElo "1790"]
[WhiteTeam "Macau"]
[BlackTeam "South Korea"]
[WhiteFideId "15400212"]
[BlackFideId "13201204"]
[EventDate "2012.08.28"]

1. e4 e5 2. Nf3 Nc6 3. Bc4 Bc5 4. c3 Nf6 5. d3 O-O 6. Bg5 d6 7. h3 Be6 8. Nbd2
a6 9. b4 Ba7 10. O-O Kh8 11. Re1 Qd7 12. Bxe6 fxe6 13. Nf1 Rf7 14. Ng3 Ng8 15.
Be3 Bxe3 16. Rxe3 Raf8 17. a4 a5 18. Qd2 b6 19. b5 Nd8 20. d4 exd4 21. cxd4 Nf6
22. Rc1 c5 23. dxc5 dxc5 24. Rd3 Qc7 25. Rd1 Nb7 26. Ng5 Re7 27. e5 Qxe5 28. Re1
Qb8 29. Rxe6 Rxe6 30. Nxe6 Re8 31. Ng5 Qc7 32. Re3 h6 33. Rxe8+ Nxe8 34. Ne6 Qe7
35. Nf4 Qf7 36. Qe3 Nbd6 37. Ne4 Nc4 38. Qg3 Ned6 39. Nxd6 Nxd6 40. Ng6+ Kh7 41.
Ne5 Qf5 42. Nf3 Qb1+ 43. Kh2 Qg6 44. Qf4 Qf6 45. Qe3 Qf5 46. Nh4 Qe4 47. Qg3 Nc4
48. f3 Qe5 49. f4 Qf6 50. Qd3+ g6 51. Nxg6 Nb2 52. Qc2 Nxa4 53. Ne5+ Kg7 54.
Qxa4 Qf5 55. Qc4 Qf8 56. Qe4 Qf6 57. Ng4 Qf7 58. Qe5+ Kg6 59. Qd6+ 1-0

[Event "40th Olympiad Open"]
[Site "Istanbul TUR"]
[Date "2012.09.07"]
[Round "10.65"]
[Board "1"]
[White "Pesqueira, Jose"]
[Black "Burgos Figueroa, Carlos E."]
[Result "1/2-1/2"]
[BlackTitle "IM"]
[WhiteElo "1986"]
[BlackElo "2272"]
[WhiteTeam "Aruba"]
[BlackTeam "El Salvador"]
[WhiteFideId "15900037"]
[BlackFideId "6700187"]
[EventDate "2012.08.28"]

1. d4 c5 2. d5 f5 3. g3 Nf6 4. Bg2 d6 5. c4 g6 6. Nc3 Bg7 7. Nh3 O-O 8. O-O Na6
9. Rb1 Bd7 10. Re1 Nc7 11. a4 b6 12. Qd3 a6 13. b4 Rb8 14. b5 Ng4 15. f4 axb5
16. axb5 Ra8 17. Ng5 Ra7 18. h3 Nf6 19. Bb2 Re8 20. Ra1 Rxa1 21. Rxa1 Qb8 22.
Kh2 h6 23. Nf3 Kh7 24. Nh4 e6 25. dxe6 Bxe6 26. Ra2 Rf8 27. e4 Nfe8 28. exf5
gxf5 29. g4 Qd8 30. Nxf5 Bxf5 31. gxf5 Kh8 32. Nd5 Bxb2 33. Rxb2 Nxd5 34. Bxd5
Ng7 35. Rg2 Nxf5 36. Qc3+ Nd4 37. Qg3 Qf6 38. Kh1 Nf5 39. Qg6 Qc3 40. Kh2 Qd4
41. Rg4 Qb2+ 42. Kh1 Qf6 43. Qxf6+ Rxf6 44. Rg8+ Kh7 45. Rb8 Ng3+ 46. Kh2 Nf1+
47. Kg1 Rxf4 48. Rxb6 Ne3 49. Rxd6 Nxc4 50. Rc6 Ne3 51. Rxc5 Nxd5 52. Rxd5 Rb4
53. Kf2 Kg6 54. Ke3 Rb3+ 55. Kd4 Rxh3 56. Kc5 Rb3 57. Kc6 h5 58. b6 h4 59. b7 h3
60. Rd2 Kg5 61. Kc7 Rxb7+ 62. Kxb7 Kg4 63. Rd8 h2 64. Rh8 Kg3 65. Kc6 Kg2 1/2-1/2

[Event "40th Olympiad Open"]
[Site "Istanbul TUR"]
[Date "2012.09.07"]
[Round "10.65"]
[Board "2"]
[White "Chavez, Ricardo Ernesto"]
[Black "De Mey, Juan Pablo"]
[Result "1-0"]
[WhiteTitle "FM"]
[WhiteElo "2205"]
[BlackElo "1882"]
[WhiteTeam "El Salvador"]
[BlackTeam "Aruba"]
[WhiteFideId "6700098"]
[BlackFideId "15900312"]
[EventDate "2012.08.28"]

1. e4 c5 2. Nf3 a6 3. g3 b6 4. Bg2 Bb7 5. d3 e6 6. O-O d6 7. Re1 Nd7 8. c3 Ngf6
9. Nbd2 Be7 10. d4 Qc7 11. Qe2 Rc8 12. dxc5 Nxc5 13. Nd4 O-O 14. f3 Ncd7 15. Nf1
Rfe8 16. g4 Nb8 17. Ng3 Nfd7 18. Be3 d5 19. Bf2 Bd6 20. Rad1 Rcd8 21. exd5 Bxd5
22. Qc2 Nc6 23. Nxc6 Bxc6 24. Re3 Nf6 25. c4 h6 26. Red3 Be7 27. Qb3 Rb8 28. Ne2
Nd7 29. Bg3 e5 30. Qc2 Nc5 31. R3d2 Rbd8 32. Nd4 Bg5 33. Re2 Bb7 34. b4 Nd7 35.
Nf5 Ba8 36. Rde1 g6 37. h4 gxf5 38. hxg5 f4 39. Bh4 hxg5 40. Bxg5 Rc8 41. Qf5
Qxc4 42. Qxd7 Rcd8 43. Bxd8 1-0

[Event "40th Olympiad Open"]
[Site "Istanbul TUR"]
[Date "2012.09.07"]
[Round "10.66"]
[Board "1"]
[White "Liu, Yeh Yang"]
[Black "Chipanga, Chiletso"]
[Result "1-0"]
[BlackTitle "CM"]
[WhiteElo "1883"]
[BlackElo "2116"]
[WhiteTeam "Chinese Taipei"]
[BlackTeam "Malawi"]
[WhiteFideId "16300416"]
[BlackFideId "16400119"]
[EventDate "2012.08.28"]

1. e4 e6 2. d4 d5 3. Nc3 Nf6 4. Bg5 Be7 5. e5 Nfd7 6. Bxe7 Qxe7 7. Nf3 a6 8. a3
c5 9. Ne2 cxd4 10. Nexd4 b5 11. Be2 Bb7 12. O-O O-O 13. c3 Nb6 14. Qc2 N8d7 15.
Bd3 g6 16. Qd2 Nc4 17. Bxc4 dxc4 18. Qh6 Rfd8 19. Ng5 Nf8 20. Rae1 Rd7 21. Re3
Qc5 22. Rfe1 Rxd4 23. cxd4 Qxd4 24. Nxh7 Nxh7 25. Rh3 Qd5 26. Qxh7+ Kf8 27. Qh8+
Ke7 28. Qf6+ Kd7 29. Qxf7+ Kc6 30. Qf3 Qxf3 31. Rxf3 Rd8 32. Rf6 Bc8 33. Rxg6
Rd2 34. Rb1 a5 35. h4 b4 36. axb4 axb4 37. Rc1 Kc5 38. Rg7 Ba6 39. Rc7+ Kb6 40.
Re7 Bb5 41. Rxe6+ Kc5 42. h5 Rxb2 43. h6 Ra2 44. h7 Ra8 45. Rh6 Rh8 46. g4 c3
47. g5 Bd3 48. e6 Rxh7 49. Rxh7 Bxh7 50. e7 Bg6 51. f4 Kd6 52. f5 Be8 53. Kf2
Kxe7 54. Ke3 Kd6 55. Kd4 Bf7 56. g6 Ba2 57. f6 Be6 58. f7 Ke7 59. Re1 c2 60. Kd3
c1=Q 61. Rxc1 Bf5+ 62. Kd4 Bxg6 63. Rc7+ Kf8 64. Ke5 Kg7 65. Ke6 b3 66. f8=Q+
Kxf8 67. Kf6 b2 68. Rc8+ Be8 69. Rb8 1-0

[Event "40th Olympiad Open"]
[Site "Istanbul TUR"]
[Date "2012.09.07"]
[Round "10.68"]
[Board "2"]
[White "Mueller, Leonhard"]
[Black "Mustafa, Wail"]
[Result "1-0"]
[WhiteTitle "FM"]
[WhiteElo "2166"]
[BlackElo "2075"]
[WhiteTeam "Namibia"]
[BlackTeam "Palestine"]
[WhiteFideId "15200019"]
[BlackFideId "4672062"]
[EventDate "2012.08.28"]

1. c4 c5 2. Nf3 Nf6 3. Nc3 Nc6 4. g3 g6 5. d4 cxd4 6. Nxd4 Bg7 7. Bg2 O-O 8. O-O
Qa5 9. Nb3 Qh5 10. e4 Qxd1 11. Rxd1 d6 12. c5 dxc5 13. Nxc5 Bg4 14. f3 Bc8 15.
Be3 b6 16. Nd3 Ba6 17. e5 Ne8 18. f4 Bb7 19. Nf2 Rc8 20. Rd7 Nc7 21. Nb5 Nxb5
22. Rxb7 Rfd8 23. Rc1 Na5 24. Rxc8 Rxc8 25. Rxe7 Nc4 26. Bb7 Rd8 27. Ba6 Bf8 28.
Bxb5 Nxe3 29. Rd7 Rc8 30. Ne4 Rc1+ 31. Kf2 Ng4+ 32. Ke2 Rc2+ 33. Kd3 Rxb2 34.
Bc4 Nh6 35. e6 b5 36. Bd5 Kg7 37. e7 Bxe7 38. Rxe7 Rxh2 39. Rxa7 Rb2 40. g4 Nxg4
41. Rxf7+ Kg8 42. Ng5 Nf2+ 43. Kc3 Nd1+ 44. Kd4 Rd2+ 45. Kc5 h6 46. Rd7+ Kf8 47.
Nh7+ Ke8 48. Nf6+ 1-0

[Event "40th Olympiad Open"]
[Site "Istanbul TUR"]
[Date "2012.09.07"]
[Round "10.69"]
[Board "1"]
[White "Fancy, Stuart"]
[Black "Sanon, Mondoly"]
[Result "1-0"]
[WhiteElo "2104"]
[BlackElo "2088"]
[WhiteTeam "Papua New Guinea"]
[BlackTeam "Haiti"]
[WhiteFideId "9100024"]
[BlackFideId "11900059"]
[EventDate "2012.08.28"]

1. e4 c5 2. Nf3 Nc6 3. d4 cxd4 4. Nxd4 d6 5. Nc3 g6 6. Bc4 Bg7 7. Be3 Nf6 8. f3
Bd7 9. Qd2 a6 10. Nxc6 bxc6 11. g4 Qb8 12. O-O-O Qb4 13. Bb3 O-O 14. e5 Ne8 15.
Bh6 Bxe5 16. Rhe1 Be6 17. Re4 Bxc3 18. bxc3 Qa3+ 19. Kb1 Ng7 20. Qd4 f6 21. Rxe6
Nxe6 22. Bxe6+ Rf7 23. Qb4 Qxb4+ 24. cxb4 Rb8 25. a3 a5 26. Bd2 Kg7 27. Bxf7
Kxf7 28. c4 d5 29. c5 a4 30. Kc2 e5 31. Re1 g5 32. h4 h6 33. hxg5 hxg5 34. Rb1
Rb5 35. Rh1 Kg7 36. Rh5 Rb8 37. Bxg5 fxg5 38. Rxg5+ Kf6 39. Rh5 Rc8 40. Kd3 Rc7
41. Rh6+ Kg5 42. Re6 Kf4 43. Rf6+ Kg3 44. g5 Rg7 45. g6 Kf2 46. Rxc6 Kxf3 47.
Rf6+ Kg4 48. b5 Kg5 49. Rb6 1-0

[Event "40th Olympiad Open"]
[Site "Istanbul TUR"]
[Date "2012.09.07"]
[Round "10.69"]
[Board "2"]
[White "Lebrun, Piersont"]
[Black "Marko, Helmut"]
[Result "0-1"]
[WhiteTitle "CM"]
[BlackTitle "CM"]
[WhiteElo "1973"]
[BlackElo "2014"]
[WhiteTeam "Haiti"]
[BlackTeam "Papua New Guinea"]
[WhiteFideId "11900083"]
[BlackFideId "9100032"]
[EventDate "2012.08.28"]

1. d4 g6 2. e4 Bg7 3. c4 c5 4. Be3 Qb6 5. Nc3 cxd4 6. Nd5 Qa5+ 7. b4 Qd8 8. Bxd4
Nf6 9. Nxf6+ exf6 10. Nf3 O-O 11. Be2 Re8 12. Qc2 Qe7 13. O-O Nc6 14. a3 Nxd4
15. Nxd4 Qxe4 16. Qd2 f5 17. Rad1 Qxd4 18. Qc1 Qb2 0-1

[Event "40th Olympiad Open"]
[Site "Istanbul TUR"]
[Date "2012.09.07"]
[Round "10.69"]
[Board "3"]
[White "Jones, Rupert"]
[Black "Luxama, Jacques"]
[Result "0-1"]
[WhiteTitle "FM"]
[WhiteElo "1941"]
[BlackElo "1964"]
[WhiteTeam "Papua New Guinea"]
[BlackTeam "Haiti"]
[WhiteFideId "9100121"]
[BlackFideId "11900113"]
[EventDate "2012.08.28"]

1. e4 e6 2. d4 d5 3. e5 c5 4. c3 Qb6 5. Nf3 Nc6 6. a3 Nh6 7. b4 cxd4 8. cxd4 Nf5
9. Be3 Bd7 10. Bd3 Nfxd4 11. Nxd4 Nxd4 12. Nd2 f6 13. f4 Nc2+ 14. Bxc2 Qxe3+ 15.
Qe2 Qxf4 16. Nf3 Qc4 17. Qxc4 dxc4 18. O-O Be7 19. Rfe1 O-O 20. exf6 Bxf6 21.
Rad1 Rad8 22. Ne5 Bxe5 23. Rxe5 Bc6 24. Rxe6 Rxd1+ 25. Bxd1 Rd8 26. Be2 c3 27.
Bc4 Kf8 28. Re2 Ba4 29. Rf2+ Ke7 30. Rf7+ Ke8 31. Rc7 c2 32. Bb5+ Bxb5 33. Rxc2
Rd3 34. Rc7 Rd7 35. Rc3 Kf8 36. h4 Rd3 37. Rc8+ Kf7 38. Rc7+ Rd7 39. Rc3 Bc6 40.
g3 Rd2 41. Kf1 Kf6 42. Ke1 Rg2 43. Kf1 Rh2 44. Kg1 Rd2 45. Kf1 Kf5 46. Ke1 Rg2
47. Kf1 Ra2 48. Rc5+ Kf6 49. Rc3 h6 50. g4 Rh2 51. h5 Rh4 52. Rg3 Kg5 53. Rc3
Rxg4 54. Rc5+ Kf6 55. Kf2 0-1

[Event "40th Olympiad Open"]
[Site "Istanbul TUR"]
[Date "2012.09.07"]
[Round "10.70"]
[Board "1"]
[White "Pace, Colin"]
[Black "Tarlabasi, Emirhan"]
[Result "1/2-1/2"]
[WhiteTitle "CM"]
[WhiteElo "2136"]
[BlackElo "1740"]
[WhiteTeam "Malta"]
[BlackTeam "Turkey 2023"]
[WhiteFideId "5600189"]
[BlackFideId "6350275"]
[EventDate "2012.08.28"]

1. e4 c5 2. Nf3 Nc6 3. d4 cxd4 4. Nxd4 e5 5. Nb5 d6 6. N1c3 a6 7. Na3 b5 8. Nd5
Nf6 9. Bg5 Be7 10. Bxf6 Bxf6 11. c3 Bg5 12. Nc2 O-O 13. a4 bxa4 14. Rxa4 Ne7 15.
h4 Bh6 16. Ncb4 a5 17. Nxe7+ Qxe7 18. Nd5 Qd8 19. Bc4 Kh8 20. g4 f6 21. Rh3 Rb8
22. b3 Bd7 23. Ra2 Re8 24. f3 Be6 25. Qa1 Bxd5 26. Bxd5 Qb6 27. Kf1 Rec8 28. Bc4
Ra8 29. Kg2 Bf4 30. Rh1 h6 31. Rd1 Rc5 32. Rd3 Rd8 33. Qd1 Kh7 34. Qe2 Qc7 35.
Rd1 Kh8 36. Ra4 Ra8 37. Rda1 Ra7 38. R4a2 Kh7 39. Qd3 Ra8 40. Ra4 Rb8 41. Rd1
Rd8 42. Qe2 Kh8 43. h5 Bg5 44. Rd3 Bf4 45. Qc2 Bg5 46. Rd5 Bf4 47. Qd3 Bg5 48.
Kf1 Bf4 49. Ke2 Bg5 50. Kd1 Rxd5 51. exd5 Qc5 52. Kc2 Rc8 53. Ra1 Qf2+ 54. Qe2
Qxe2+ 55. Bxe2 Rc5 56. Bc4 Kg8 57. Kd3 Bf4 58. b4 axb4 59. Ra8+ Kf7 60. Ra7+ Kf8
61. cxb4 Rc8 62. b5 Rb8 63. Ra6 Ke7 64. Kc3 Be3 65. Kb4 Bb6 66. Kc3 Kf7 67. Kb4
Ke7 68. Bd3 Kd8 69. Bf5 Kc7 70. Ra2 Bc5+ 71. Kc4 Bb6 72. Bd3 Kb7 73. Be2 Rc8+
74. Kd3 Rg8 75. Ke4 Re8 76. Bd3 Re7 77. Kf5 Re8 78. Kg6 Re7 79. Bf5 Rc7 80. Rc2
Bc5 81. Be6 Kb6 82. Rb2 Be3 83. Rb3 Bg5 84. Bf7 Rc5 1/2-1/2

[Event "40th Olympiad Open"]
[Site "Istanbul TUR"]
[Date "2012.09.07"]
[Round "10.70"]
[Board "2"]
[White "Aydincelebi, Kagan"]
[Black "Gauci, Joseph"]
[Result "1/2-1/2"]
[BlackTitle "CM"]
[WhiteElo "1659"]
[BlackElo "2133"]
[WhiteTeam "Turkey 2023"]
[BlackTeam "Malta"]
[WhiteFideId "6361102"]
[BlackFideId "5600278"]
[EventDate "2012.08.28"]

1. e4 c5 2. Nf3 e6 3. d4 cxd4 4. Nxd4 a6 5. c4 b6 6. Nc3 Bb7 7. Be2 d6 8. f4 Nf6
9. Bf3 Qc7 10. Qe2 Be7 11. Be3 Nbd7 12. O-O Rc8 13. b3 b5 14. Ndxb5 axb5 15.
Nxb5 Qb8 16. Bf2 O-O 17. Rad1 Rfd8 18. Rd2 Nc5 19. Bxc5 dxc5 20. e5 Rxd2 21.
Qxd2 Rd8 22. Qe2 Ne8 23. Bg4 g6 24. Rd1 Ng7 25. Rxd8+ Qxd8 26. Qd1 Qxd1+ 27.
Bxd1 Kf8 28. Kf2 Ke8 29. Bf3 Bxf3 30. Kxf3 Kd7 31. Ke4 Kc6 32. g3 Nf5 33. Kd3
Nh6 34. h3 Nf5 35. g4 Ng7 36. Nc3 Ne8 37. a4 Nc7 38. Ne4 Na6 39. Kc3 Nb4 40. Kd2
Kb6 41. Kc3 Nc6 42. Nf2 Nd4 43. Nd3 Ne2+ 44. Kd2 Ng1 45. Nf2 Ka5 46. Ke3 Kb6 47.
g5 Ka5 48. h4 Kb4 49. Ne4 Kxb3 50. a5 Bd8 51. Nxc5+ Kxc4 52. Nb7 Bc7 53. Kf2 Kd5
54. Kxg1 Ke4 55. a6 Kxf4 56. Kg2 Bb6 57. Nd6 Bc5 58. Nxf7 Ke4 59. Kg3 Kd5 60.
Kg4 Kc6 61. h5 Bd4 62. hxg6 hxg6 63. Kf4 Kd5 64. Kf3 Bg1 65. Ke2 Bb6 66. Kd3 Bf2
67. Kc3 Be3 68. Kb4 Kc6 69. Kc4 Bf2 70. Nd6 Bb6 71. Nb5 Be3 72. Nd4+ Kb6 73.
Nxe6 Kxa6 74. Kd5 Kb5 75. Kd6 Kc4 76. Ke7 Kd5 77. Kf6 Ke4 78. Nf8 Bxg5+ 79. Kxg5
Kxe5 80. Nxg6+ 1/2-1/2

[Event "40th Olympiad Open"]
[Site "Istanbul TUR"]
[Date "2012.09.07"]
[Round "10.70"]
[Board "3"]
[White "Zerafa, Robert"]
[Black "Ozenir, Ekin Baris"]
[Result "1-0"]
[WhiteElo "2068"]
[BlackElo "1542"]
[WhiteTeam "Malta"]
[BlackTeam "Turkey 2023"]
[WhiteFideId "5600618"]
[BlackFideId "6357415"]
[EventDate "2012.08.28"]

1. Nf3 Nf6 2. c4 e6 3. g3 b6 4. Bg2 Bb7 5. O-O Be7 6. b3 O-O 7. Bb2 c5 8. d4 d6
9. d5 e5 10. Nc3 Ne8 11. e4 g6 12. Ne1 Bf6 13. Nd3 Bg7 14. h4 h5 15. Qe2 Nd7 16.
Nd1 Nef6 17. f4 exf4 18. gxf4 Ng4 19. Qe1 Re8 20. Bxg7 Kxg7 21. Qg3 Bc8 22. Nc3
a6 23. Rae1 Qc7 24. e5 dxe5 25. d6 Qb8 26. fxe5 Ra7 27. Nd5 Nf8 28. Rf6 Be6 29.
Ref1 Nd7 30. Nc7 Rxc7 31. dxc7 Qxc7 32. Rxf7+ Bxf7 33. Rxf7+ Kg8 34. Bd5 Kh8 35.
Qf4 Qd8 36. e6 Ndf6 37. Qg5 Rg8 38. Nf4 Nxd5 39. Nxg6+ Rxg6 40. Qxg6 Qg8 41.
Qxh5+ Nh6+ 42. Kh1 Nf6 43. Qxh6+ 1-0

[Event "40th Olympiad Open"]
[Site "Istanbul TUR"]
[Date "2012.09.07"]
[Round "10.71"]
[Board "2"]
[White "Anquandah, Francis Eric"]
[Black "Arora, Neel"]
[Result "1-0"]
[WhiteElo "1992"]
[BlackElo "1861"]
[WhiteTeam "Ghana"]
[BlackTeam "Fiji"]
[WhiteFideId "12600148"]
[BlackFideId "11400145"]
[EventDate "2012.08.28"]

1. e4 e5 2. Nf3 Nc6 3. Bc4 Nf6 4. Ng5 Bc5 5. O-O O-O 6. d3 h6 7. Nf3 d5 8. exd5
Nxd5 9. Nc3 Nxc3 10. bxc3 Bg4 11. Be3 Bb6 12. a4 Qd6 13. Qd2 Bxf3 14. gxf3 Ne7
15. Kh1 Nf5 16. Rg1 Kh8 17. Rg4 Rad8 18. Rag1 Qf6 19. Qe2 c6 20. Bxb6 axb6 21.
Bb3 Qd6 22. Qf1 Qf6 23. Qh3 Rd6 24. Re4 Ne7 25. Rge1 Ng6 26. Qg3 Qd8 27. Rg1 Qf6
28. Rge1 Qd8 29. Rg4 Qf6 30. Rg1 Kh7 31. h4 Rg8 32. Re4 Nf4 33. d4 Qd8 34. dxe5
Nh5 35. Qg4 Rg6 36. Qxh5 Rxg1+ 37. Kxg1 Qd1+ 38. Kg2 g6 39. Qg4 Rf8 40. Rd4 Qe2
41. Rd7 Qxe5 42. Bxf7 g5 43. hxg5 Qxg5 44. Qxg5 hxg5 45. Rxb7 Kh6 46. Bb3 b5 47.
axb5 cxb5 48. Rxb5 Rc8 49. Rb6+ Kg7 50. c4 Rc7 51. Kg3 Rd7 52. c5 Rc7 53. c6 Kh8
54. Rb8+ 1-0

[Event "40th Olympiad Open"]
[Site "Istanbul TUR"]
[Date "2012.09.07"]
[Round "10.72"]
[Board "1"]
[White "Kamara, Ansumana"]
[Black "Rosenbeiger, Alan"]
[Result "0-1"]
[WhiteElo "2086"]
[BlackElo "2151"]
[WhiteTeam "Sierra Leone"]
[BlackTeam "Jersey"]
[WhiteFideId "1622218"]
[BlackFideId "1109448"]
[EventDate "2012.08.28"]

1. e4 c5 2. Nf3 d6 3. d4 cxd4 4. Nxd4 Nf6 5. Nc3 a6 6. Be2 e5 7. Nb3 Be6 8. Be3
Nbd7 9. f3 b5 10. O-O Nb6 11. Bf2 b4 12. Nb1 Nc4 13. Qc1 Be7 14. N3d2 Nxd2 15.
Nxd2 O-O 16. b3 d5 17. exd5 Nxd5 18. Nc4 Bg5 19. Qe1 Nc3 20. Bd3 Bxc4 21. bxc4
Re8 22. a3 Qd6 23. c5 Qh6 24. Rd1 Nxd1 25. Qxd1 bxa3 26. Qa1 Be3 27. Qxa3 Bd4
28. Be4 Rac8 29. c6 Red8 30. Qxa6 Bxf2+ 31. Rxf2 Rd1+ 32. Rf1 Qe3+ 33. Kh1 Rxf1+
34. Qxf1 Qd4 35. h3 g6 36. Qa6 Rc7 37. Qb5 Kg7 38. Kh2 h5 39. Qb8 Qd6 40. c4
Rxc6 41. Qxd6 Rxd6 42. c5 Rd1 43. Bb7 Rc1 44. c6 h4 45. g4 Rc2+ 46. Kg1 Kf6 47.
Kf1 Ke6 48. Bc8+ Kd6 49. Bd7 g5 50. Kg1 Kd5 51. Kf1 Kd4 52. Bf5 Rxc6 53. Be4 Rb6
54. Kg2 Ke3 55. Kg1 Rb2 56. Kf1 Kf4 0-1

[Event "40th Olympiad Open"]
[Site "Istanbul TUR"]
[Date "2012.09.07"]
[Round "10.72"]
[Board "2"]
[White "Jouault, Louis"]
[Black "Winston Gerald, Mansfield Thomas"]
[Result "1-0"]
[WhiteElo "1966"]
[BlackElo "1907"]
[WhiteTeam "Jersey"]
[BlackTeam "Sierra Leone"]
[WhiteFideId "15600130"]
[BlackFideId "17800048"]
[EventDate "2012.08.28"]

1. e4 e5 2. Nf3 Nc6 3. Bc4 Be7 4. O-O Nf6 5. Re1 d6 6. h3 O-O 7. c3 Na5 8. Bf1
c5 9. d4 Qc7 10. Na3 a6 11. Bg5 b5 12. Rc1 Be6 13. b3 h6 14. Bh4 Bc8 15. b4 Nb7
16. bxc5 dxc5 17. Nxe5 Qd6 18. Nc2 Qe6 19. Bg3 Na5 20. d5 Qb6 21. Qf3 Bd6 22.
Ne3 Re8 23. N3g4 Bxg4 24. Nxg4 Nxg4 25. Qxg4 Qc7 26. f4 f6 27. Bd3 c4 28. Bb1
Nb7 29. e5 fxe5 30. Qg6 e4 31. Bxe4 Rxe4 32. Rxe4 Nc5 33. Re8+ Rxe8 34. Qxe8+
Kh7 35. Rf1 1-0

[Event "40th Olympiad Open"]
[Site "Istanbul TUR"]
[Date "2012.09.07"]
[Round "10.73"]
[Board "1"]
[White "Bacchas, Clevert"]
[Black "Hamperl, Fred"]
[Result "0-1"]
[BlackTitle "FM"]
[WhiteElo "1944"]
[BlackElo "2120"]
[WhiteTeam "Bermuda"]
[BlackTeam "Guernsey"]
[WhiteFideId "8800758"]
[BlackFideId "10700110"]
[EventDate "2012.08.28"]

1. Nf3 c5 2. c4 g6 3. d4 Bg7 4. Nc3 cxd4 5. Nxd4 Nc6 6. e3 Nh6 7. g3 O-O 8. Bg2
Nxd4 9. exd4 Nf5 10. d5 Qa5 11. Bd2 d6 12. O-O Qb4 13. Qb3 Qxb3 14. axb3 Nd4 15.
Ra3 Bf5 16. Be3 a6 17. Bxd4 Bxd4 18. Re1 Rfe8 19. Be4 Bd7 20. Rd1 Bc5 21. Raa1
Bg4 22. Re1 Rac8 23. Kg2 Rc7 24. h3 Bc8 25. Bc2 Bd4 26. Ne4 Kf8 27. Rab1 Bf5 28.
g4 Bd7 29. Ng5 h6 30. Nf3 Bf6 31. Re2 Rc5 32. Rbe1 a5 33. Bd3 b5 34. Ra1 bxc4
35. bxc4 Rb8 36. Ra2 Rb3 37. Rd2 a4 38. Be2 Rc8 39. Nd4 Rb4 40. Nb5 Be5 41. Na7
Rc5 42. Nb5 Kg7 43. Nd4 Rc7 44. Nb5 Rb7 45. Bf1 f5 46. Be2 fxg4 47. hxg4 Kf6 48.
Nd4 Bxd4 49. Rxd4 Rxb2 50. Rd2 Rxd2 51. Rxd2 a3 52. Ra2 Rb2 53. Rxb2 axb2 54.
Bd3 Bxg4 0-1

[Event "40th Olympiad Open"]
[Site "Istanbul TUR"]
[Date "2012.09.07"]
[Round "10.73"]
[Board "2"]
[White "Kirby, Peter J."]
[Black "Dill, James"]
[Result "1/2-1/2"]
[WhiteTitle "CM"]
[WhiteElo "2007"]
[BlackElo "1923"]
[WhiteTeam "Guernsey"]
[BlackTeam "Bermuda"]
[WhiteFideId "409014"]
[BlackFideId "8800049"]
[EventDate "2012.08.28"]

1. e4 c5 2. Nf3 e6 3. c3 Nc6 4. d4 cxd4 5. cxd4 Nf6 6. Nc3 Bb4 7. Bd3 d5 8. exd5
Nxd5 9. Qc2 Ba5 10. a3 Nxc3 11. bxc3 Nxd4 12. Nxd4 Qxd4 13. O-O Qxc3 14. Bb5+
Kf8 15. Qa2 Qf6 16. Bb2 Bc3 17. Bxc3 Qxc3 18. Rfd1 Qf6 19. Rd3 a6 20. Rf3 Qg5
21. Bc4 Qe7 22. Re1 Qd6 23. Bxe6 Bxe6 24. Qxe6 Qxe6 25. Rxe6 Re8 26. Rxe8+ Kxe8
27. Rb3 b5 28. a4 Ke7 29. axb5 Rb8 30. b6 Rb7 31. f4 f5 32. Kf2 Kd6 33. h3 h5
34. Kg3 g6 35. Kh4 Kc5 36. g4 hxg4 37. hxg4 fxg4 38. Kxg4 Rxb6 39. Rxb6 Kxb6 40.
Kg5 a5 41. Kxg6 a4 42. f5 a3 43. f6 a2 44. f7 1/2-1/2

[Event "40th Olympiad Open"]
[Site "Istanbul TUR"]
[Date "2012.09.07"]
[Round "10.73"]
[Board "4"]
[White "Brookfield, Toby"]
[Black "Radford, Michael"]
[Result "0-1"]
[WhiteTitle "CM"]
[WhiteElo "1823"]
[BlackElo "1848"]
[WhiteTeam "Guernsey"]
[BlackTeam "Bermuda"]
[WhiteFideId "10700234"]
[BlackFideId "8800421"]
[EventDate "2012.08.28"]

1. e4 e6 2. d4 d5 3. Nc3 Bb4 4. e5 Ne7 5. a3 Bxc3+ 6. bxc3 c5 7. h4 Qc7 8. h5
cxd4 9. cxd4 Qc3+ 10. Bd2 Qxd4 11. Nf3 Qa4 12. Rh4 Qd7 13. Bd3 b6 14. Qe2 Bb7
15. Rg4 g6 16. Bh6 Qc8 17. Kd2 Ba6 18. Bg7 Rg8 19. Bf6 Bxd3 20. cxd3 Nd7 21.
Bxe7 Kxe7 22. Qe3 gxh5 23. Rg5 Qc5 24. Nd4 Rac8 25. Ke2 Rg6 26. Rxh5 Rg4 27. Rh4
Rxh4 28. Qg5+ Ke8 29. Qxh4 Nxe5 30. Rh1 Qxa3 31. Qxh7 Qb2+ 32. Ke3 Ng4+ 33. Kf3
Qxf2+ 34. Kxg4 Qxd4+ 35. Kg5 Ke7 36. Rf1 Qe5+ 0-1